<?xml version="1.0" encoding="UTF-8"?>
<record
    xmlns:xsi="http://www.w3.org/2001/XMLSchema-instance"
    xsi:schemaLocation="http://www.loc.gov/MARC21/slim http://www.loc.gov/standards/marcxml/schema/MARC21slim.xsd"
    xmlns="http://www.loc.gov/MARC21/slim">

  <leader>01867nam a2200313Ia 4500</leader>
  <datafield tag="952" ind1=" " ind2=" ">
    <subfield code="0">0</subfield>
    <subfield code="1">0</subfield>
    <subfield code="4">0</subfield>
    <subfield code="7">0</subfield>
    <subfield code="a">22</subfield>
    <subfield code="b">22</subfield>
    <subfield code="d">2010-09-07</subfield>
    <subfield code="l">5</subfield>
    <subfield code="m">1</subfield>
    <subfield code="o">BF76.7 M36 2010</subfield>
    <subfield code="p">17 000514</subfield>
    <subfield code="r">2022-09-20</subfield>
    <subfield code="s">2022-06-29</subfield>
    <subfield code="t">1</subfield>
    <subfield code="w">2012-06-26</subfield>
    <subfield code="y">LB</subfield>
  </datafield>
  <datafield tag="952" ind1=" " ind2=" ">
    <subfield code="0">0</subfield>
    <subfield code="1">0</subfield>
    <subfield code="4">0</subfield>
    <subfield code="7">0</subfield>
    <subfield code="a">22</subfield>
    <subfield code="b">22</subfield>
    <subfield code="d">2010-09-07</subfield>
    <subfield code="l">13</subfield>
    <subfield code="m">2</subfield>
    <subfield code="o">BF76.7 M36 2010</subfield>
    <subfield code="p">17 000515</subfield>
    <subfield code="r">2019-09-28</subfield>
    <subfield code="s">2019-09-21</subfield>
    <subfield code="t">2</subfield>
    <subfield code="w">2012-06-26</subfield>
    <subfield code="y">LB</subfield>
  </datafield>
  <datafield tag="952" ind1=" " ind2=" ">
    <subfield code="0">0</subfield>
    <subfield code="1">0</subfield>
    <subfield code="4">0</subfield>
    <subfield code="7">0</subfield>
    <subfield code="a">22</subfield>
    <subfield code="b">22</subfield>
    <subfield code="d">2010-09-07</subfield>
    <subfield code="l">15</subfield>
    <subfield code="m">2</subfield>
    <subfield code="o">BF76.7 M36 2010</subfield>
    <subfield code="p">17 000516</subfield>
    <subfield code="r">2019-09-28</subfield>
    <subfield code="s">2019-09-21</subfield>
    <subfield code="t">3</subfield>
    <subfield code="w">2012-06-26</subfield>
    <subfield code="y">LB</subfield>
  </datafield>
  <datafield tag="952" ind1=" " ind2=" ">
    <subfield code="0">0</subfield>
    <subfield code="1">0</subfield>
    <subfield code="2">lcc</subfield>
    <subfield code="4">0</subfield>
    <subfield code="7">0</subfield>
    <subfield code="a">22</subfield>
    <subfield code="b">22</subfield>
    <subfield code="d">2014-08-20</subfield>
    <subfield code="e">Promotora NARO</subfield>
    <subfield code="l">6</subfield>
    <subfield code="m">1</subfield>
    <subfield code="o">BF76.7 M36 2010</subfield>
    <subfield code="p">17 001743</subfield>
    <subfield code="r">2023-05-13</subfield>
    <subfield code="s">2023-05-11</subfield>
    <subfield code="t">4</subfield>
    <subfield code="w">2014-08-20</subfield>
    <subfield code="y">LB</subfield>
  </datafield>
  <datafield tag="952" ind1=" " ind2=" ">
    <subfield code="0">0</subfield>
    <subfield code="1">0</subfield>
    <subfield code="2">lcc</subfield>
    <subfield code="4">0</subfield>
    <subfield code="7">0</subfield>
    <subfield code="a">22</subfield>
    <subfield code="b">22</subfield>
    <subfield code="d">2014-08-29</subfield>
    <subfield code="e">Promotora NARO</subfield>
    <subfield code="l">0</subfield>
    <subfield code="o">BF76.7 M36 2010</subfield>
    <subfield code="p">17 001847</subfield>
    <subfield code="r">2014-08-29</subfield>
    <subfield code="t">5</subfield>
    <subfield code="w">2014-08-29</subfield>
    <subfield code="y">LB</subfield>
  </datafield>
  <datafield tag="952" ind1=" " ind2=" ">
    <subfield code="0">0</subfield>
    <subfield code="1">0</subfield>
    <subfield code="4">0</subfield>
    <subfield code="7">0</subfield>
    <subfield code="a">22</subfield>
    <subfield code="b">22</subfield>
    <subfield code="d">2015-04-08</subfield>
    <subfield code="e">Promotora NARO</subfield>
    <subfield code="l">27</subfield>
    <subfield code="m">4</subfield>
    <subfield code="o">BF76.7 M36 2010</subfield>
    <subfield code="p">17 002292</subfield>
    <subfield code="r">2019-02-19</subfield>
    <subfield code="s">2019-02-14</subfield>
    <subfield code="t">6</subfield>
    <subfield code="w">2015-04-08</subfield>
    <subfield code="y">LB</subfield>
  </datafield>
  <datafield tag="999" ind1=" " ind2=" ">
    <subfield code="c">73302</subfield>
    <subfield code="d">73302</subfield>
  </datafield>
  <controlfield tag="005">20231102151116.0</controlfield>
  <controlfield tag="008">120626s2010    mx            000 0 spa d</controlfield>
  <datafield tag="020" ind1=" " ind2=" ">
    <subfield code="a">9786074480528</subfield>
  </datafield>
  <datafield tag="050" ind1="1" ind2="4">
    <subfield code="a">BF76.7</subfield>
    <subfield code="b">M36 2010</subfield>
  </datafield>
  <datafield tag="110" ind1=" " ind2=" ">
    <subfield code="e">American Psychological Association</subfield>
  </datafield>
  <datafield tag="245" ind1="1" ind2="0">
    <subfield code="a">Manual de publicaciones de la American Psychological Association:</subfield>
    <subfield code="c">American Psychological Association</subfield>
  </datafield>
  <datafield tag="250" ind1=" " ind2=" ">
    <subfield code="a">3a. edici&#xF3;n</subfield>
  </datafield>
  <datafield tag="260" ind1=" " ind2=" ">
    <subfield code="a">M&#xE9;xico</subfield>
    <subfield code="b"> : El Manual Moderno</subfield>
    <subfield code="c"> , 2010</subfield>
  </datafield>
  <datafield tag="300" ind1=" " ind2=" ">
    <subfield code="a">xviii, 260 p&#xE1;ginas</subfield>
    <subfield code="b">ilustraciones, diagramas, tablas </subfield>
  </datafield>
  <datafield tag="500" ind1=" " ind2=" ">
    <subfield code="a">Incluye: &#xCD;ndice (pp. 257-260)</subfield>
  </datafield>
  <datafield tag="504" ind1=" " ind2=" ">
    <subfield code="a">Incluye: Bibliograf&#xED;a (pp. 255-256) </subfield>
  </datafield>
  <datafield tag="505" ind1="2" ind2=" ">
    <subfield code="a">Estilo de redacci&#xF3;n para las ciencias sociales y conductuales
Estructura y contenido del manuscrito
C&#xF3;mo escribir con claridad y precisi&#xF3;n
Aspectos pr&#xE1;cticos de estilo
Visualizaci&#xF3;n de resultados
Citaci&#xF3;n de las fuentes
Ejmaplos de referencias
El proceso de publicaci&#xF3;n
</subfield>
  </datafield>
  <datafield tag="519" ind1=" " ind2=" ">
    <subfield code="a">Plan Flexible / 
</subfield>
    <subfield code="b">Psicolog&#xED;a / </subfield>
    <subfield code="c">Seminario de Investigaci&#xF3;n II (M05-5) / </subfield>
    <subfield code="d">(17 002292) </subfield>
  </datafield>
  <datafield tag="519" ind1=" " ind2=" ">
    <subfield code="a">Plan Flexible / </subfield>
    <subfield code="b">Psicolog&#xED;a / </subfield>
    <subfield code="c">Propaganda y Publicidad (B22-1) / </subfield>
    <subfield code="d">(17 000514) </subfield>
  </datafield>
  <datafield tag="519" ind1=" " ind2=" ">
    <subfield code="a">Plan Flexible / </subfield>
    <subfield code="b">Psicolog&#xED;a / </subfield>
    <subfield code="c">Metodolog&#xED;a de la Investigaci&#xF3;n (M01-2) / </subfield>
    <subfield code="d">(17 000515) </subfield>
  </datafield>
  <datafield tag="519" ind1=" " ind2=" ">
    <subfield code="a">Plan Flexible / </subfield>
    <subfield code="b">Psicolog&#xED;a / </subfield>
    <subfield code="c">Seminario de Investigaci&#xF3;n I (M04-4) / </subfield>
    <subfield code="d">(17 000516) </subfield>
  </datafield>
  <datafield tag="519" ind1=" " ind2=" ">
    <subfield code="a">Educaci&#xF3;n Mixta / </subfield>
    <subfield code="b">Psicolog&#xED;a / </subfield>
    <subfield code="c">Propaganda y Publicidad (B22-1) / </subfield>
    <subfield code="d">(17 001743) 
</subfield>
  </datafield>
  <datafield tag="519" ind1=" " ind2=" ">
    <subfield code="a">Educaci&#xF3;n Mixta / </subfield>
    <subfield code="b">Psicolog&#xED;a / </subfield>
    <subfield code="c">Seminario de Investigaci&#xF3;n I (M04-2) / </subfield>
    <subfield code="d">(17 001847) </subfield>
  </datafield>
  <datafield tag="650" ind1="1" ind2="4">
    <subfield code="a">LITERATURA PSICOL&#xD3;GICA</subfield>
    <subfield code="x">PUBLICACI&#xD3;N - MANUALES</subfield>
  </datafield>
  <datafield tag="650" ind1="2" ind2="4">
    <subfield code="a">PSICOLOG&#xCD;A</subfield>
    <subfield code="x">AUTOR&#xCD;A - MANUALES DE ESTILO</subfield>
  </datafield>
  <datafield tag="700" ind1=" " ind2=" ">
    <subfield code="a">Guerra Fr&#xED;as, Miroslava</subfield>
    <subfield code="e">traductor</subfield>
  </datafield>
  <datafield tag="942" ind1=" " ind2=" ">
    <subfield code="c">LB</subfield>
    <subfield code="2">lcc</subfield>
  </datafield>
</record>
